000 00455nam a2200157Ia 4500
005 20240821160035.0
008 240821s9999||||xx |||||||||||||| ||und||
082 _a372.21 BRE
100 _aBrewer, Jo Ann
245 0 _aIntroduction to early childhood education: preschool through primary grades
250 _a6th
260 _aUSA
_bPerson Education
_c2007
300 _axxiv,552p.
650 _aEarly childhood education-United states
942 _cBK
999 _c144785
_d144785